The Hardest Historical and Geographical Quiz - Statistics

General Stats
  • This quiz has been taken 422 times
    420 since last reset
  • The average score is 19 of 51
Answer Stats
Hint Answer % Correct
Holy city to Jews, Muslims, and Christians Jerusalem
82%
Religion with Sharia Law within it Islam
81%
Most populous country in africa Nigeria
76%
Cuba was ruled first by which country? Spain
72%
The first people came from which continent Africa
71%
Name one of the top 10 most populous countries in the EU that starts with B Belgium
71%
Religion with most followers Christianity
70%
The larger region that wants independence from Spain Catalonia
68%
City captured from the Byzantine Empire from the Ottoman Constantinople
62%
Leonardo Da Vinci did not study well what major language at that time? Latin
61%
US State with longest freshwater coastline Michigan
59%
Who was president of the US during the Cuban Missle Crisis? John F Kennedy
57%
The Capital of Madagascar Antananarivo
55%
Territory disputed by China, Pakistan, and India Kashmir
55%
What is the capital of South Africa that starts with a B Bloemfontein
54%
In 1830, who became independent from the Ottomans? Greece
53%
What is the capital of former East Pakistan Dhaka
52%
What was the former capital of South Africa Johannesburg
52%
Government type of ancient Athens Democracy
51%
What is another name for Yangon? Rangoon
47%
Country's flag that was formerly all one color Libya
45%
Head of a Parliamentary Republic Prime Minister
45%
The Capital of Brunei Bandar Seri Begawan
44%
Killed Abraham Lincoln John Wilkes Booth
43%
Who killed John F. Kennedy Lee Harvey Oswald
43%
Only landlocked country surrounded by landlocked countries Liechtenstein
42%
Capital of Trinidad and Tobago Port of Spain
40%
Winner of 2014 Nobel Peace Prize, youngest to ever do so Malala
34%
Mountain range north of India that is two words and starts with H Hindu Kush
27%
Which German rocket was first to be able to go to space? V2
26%
Official name of North Korea Democratic People's Republic of Korea
23%
Explorer which had a bay and a river named after him Henry Hudson
21%
Country with flag that is not square or rectangle Bhutan
19%
Successor of Mao Ze Dong Deng Xiaoping
19%
When did the Maldives gain independence? 1965
18%
King of Spain when Spanish Armada attacked King Phillip II
16%
Government type of Japan Constitutional Monarchy
15%
Government type of Russia Federation
11%
Japanese parliament Diet
10%
What does ISIS stand for Islamic State in Iraq and Syria
10%
Country that gained independence recently from UN Trust Palau
10%
Government type of Croatia Parliamentary Republic
10%
Swedish Parliament Riksdag
7%
Longest battle of World War I Battle of Verdun
5%
Government type of North Korea Communist Dictatorship
5%
What was the capital of the Mongol Empire at its peak? Nanjing
4%
The Capital of Sri Lanka Sri Jayewardenepura Kotte
4%
World War II conference held in Morocco Casablanca Conference
3%
Longest-major-city-name in Ukraine Dnepropetrovsk
3%
Second Ruler of the Nazis Joseph Goebbels
3%
Longest battle of World War II Battle of the Atlantic
1%
No matching quizzes found
Score Distribution
Percent of People with Each Score
Percentile by Number Answered
Your Score History
You have not taken this quiz since the last reset